Industrial technology transfer

محفوظ في:
التفاصيل البيبلوغرافية
المؤلف الرئيسي: Cetron, Marvin J.
التنسيق: كتاب
اللغة:Undetermined
منشور في: Leyden Noordhoff 1977
الموضوعات:
الوسوم: إضافة وسم
لا توجد وسوم, كن أول من يضع وسما على هذه التسجيلة!
Thư viện lưu trữ: Trung tâm Học liệu Trường Đại học Cần Thơ
LEADER 00467nam a2200169Ia 4500
001 CTU_78351
008 210402s9999 xx 000 0 und d
082 |a 338.4 
082 |b C423 
100 |a Cetron, Marvin J. 
245 0 |a Industrial technology transfer 
245 0 |c Marvin J. Cetron, Harold F. Davidson 
260 |a Leyden 
260 |b Noordhoff 
260 |c 1977 
650 |a Technology transfer 
980 |a Trung tâm Học liệu Trường Đại học Cần Thơ